000 00377nam a2200145Ia 4500
003 OSt
005 20240311104716.0
008 170523s9999 xx 000 0 und d
020 _a9789383137350
040 _cIIMT UNIVERSITY MEERUT
100 _aArora- P.P.
245 0 _aComputer Application in Civil Engineering-1
260 _aNew Delhi : Vayu Education
942 _2ddc
_c02
999 _c11694
_d11694